000
00265nam a2200121 a 4500
008
090929s1990|||| d
100
1
_a
Brinková , C.R.
245
1
0
_a
Caddie
260
_b
Mladé letá
_a
Bratislava
_c
1990
020
_c
24
041
_a
slo
044
_a
SR
999
_c
206
_d
206